4-Letter Word Chain Game #4 - Statistics

General Stats
  • This quiz has been taken 79,091 times
  • The average score is 19 of 30
Answer Stats
Hint Answer % Correct
Magma when at the surface Lava
97%
Capital of Ukraine Kyiv
88%
Something a sailor says Ahoy
85%
Chess piece Rook
82%
Artery's counterpart Vein
82%
Somewhere ___ the rainbow Over
79%
Walled city of northern England York
76%
Ms. Winslet Kate
75%
National gemstone of Australia Opal
72%
Summit Peak
71%
"The Eternal City" Rome
70%
German car brand Audi
69%
Word frequently shouted into a canyon Echo
66%
Common ethnicity in northern Iraq Kurd
65%
Double reed instrument Oboe
64%
Movie that takes place on the desert planet Arrakis Dune
62%
Snail relative Slug
61%
Metallic element Zinc
61%
Roman fiddler? Nero
60%
Neighbor of Benin Togo
60%
What koi and goldfish are Carp
57%
Famous hotel in Paris Ritz
57%
Leader of Dubai or Abu Dhabi Emir
52%
Second to last word in a fairy tale Ever
52%
Sacred bird of ancient Egypt Ibis
49%
Setting of "The Iliad" Troy
45%
River that passes through Germany Elbe
34%
Steppe-dweller's house Yurt
34%
Oversupply Glut
30%
Celtic singer Enya
29%
No matching quizzes found
Score Distribution
Percent of People with Each Score
Percentile by Number Answered
Your Score History
You have not taken this quiz